Killer Countries Quiz Stats

Quiz Updated May 25, 2012

Also try: The Dead Game
Challenge
Share
Tweet
Embed
Score 0/45 Timer 07:00
1 Play Today
Country Hint % Correct
DiabetesUnited States of America
98.5%
Heart diseaseRussia
81%
SuicideRussia
81%
Motor vehicle accidentsRussia
80.7%
Venomous reptilesColombia
58.8%
Cardiac arrestEgypt
56.3%
Spider bitePeru
56.3%
Spider biteChile
55.8%
Heart diseaseUkraine
48.2%
Cardiac arrestPoland
48%
LightningCuba
47.4%
LightningPanama
46.9%
Venomous reptilesPanama
46.9%
MurderHonduras
45.6%
DiabetesSouth Korea
44.1%
Venomous reptilesEcuador
43.2%
MurderJamaica
40.1%
MurderEl Salvador
40%
Spider biteNicaragua
39.3%
Venomous reptilesNicaragua
39.3%
Heart diseaseLatvia
36.6%
Motor vehicle accidentsLatvia
36.6%
Venomous reptilesBelize
36.5%
Country Hint % Correct
Heart diseaseBelarus
36.4%
SuicideBelarus
36.4%
Motor vehicle accidentsBelarus
36.4%
LightningRomania
36%
SuicideLithuania
35.8%
Motor vehicle accidentsLithuania
35.8%
DiabetesDenmark
35.7%
DiabetesPortugal
34.4%
Spider biteDominican Republic
33.9%
DiabetesAustria
33.1%
Heart diseaseBulgaria
30.4%
Cardiac arrestNetherlands
28.8%
SuicideKazakhstan
28.7%
Motor vehicle accidentsKazakhstan
28.7%
Cardiac arrestCroatia
23.9%
LightningMoldova
23.6%
SuicideSri Lanka
21%
Spider biteKyrgyzstan
19.6%
LightningBarbados
17.1%
Cardiac arrestBarbados
17.1%
MurderCote d'Ivoire
15.2%
MurderThe Gambia
9.6%

You're not logged in!

Compare scores with friends on all Sporcle quizzes.
Join for Free
OR
Log In

You Might Also Like...

Show Comments

Extras

Top Quizzes Today


Score Distribution

Your Account Isn't Verified!

In order to create a playlist on Sporcle, you need to verify the email address you used during registration. Go to your Sporcle Settings to finish the process.

Report this User

Report this user for behavior that violates our Community Guidelines.

Details: